00663nam a2200241 a 4500001001300000003000900013005001700022008004100039020001000080082001500090100002200105245001800127260004100145300000900186500003500195505001000230650001600240700002200256902000800278942000700286952011500293999001300408nice12345678IN_TiNIC20260116011300.0050524s1960 lona grp 000 0 eng  ac49000a231.3bSCH aSchweizer, Edward aSpirit of God aLondonbAdam and Charles Blackc1960 a119p aincludes index and biblioraphy2 aIndex aHoly Spirit1 aSchweizer, Edward bSRS cBK 001040708StackRoom-aHMIbHMId2007-06-15g490.00l0o231.3 SCHp02543r2007-06-15v490.00w2005-05-24yBK c153d153